000 00539nam a2200181Ia 4500
008 240925s9999 xx 000 0 und d
020 _a817758961x
082 _a621.382 DOD
100 _aDodd ,Annabel Z.
245 4 _aThe Essential Guide to Telecommunications: covers wireless technologies and concergence
250 _a4th
260 _aNew Delhi:
_bPearson Printice Hall
_c,2007.
300 _axv,640p.
_bNA
_fOriginal
500 _aIncludes Index
600 _aTelecommunication Engineering
650 _aTechnology
942 _cBK
999 _c9885
_d9885